| 000 | 00471nam a2200193Ia 4500 | ||
|---|---|---|---|
| 008 | 170918s9999 xx 000 0 und d | ||
| 020 | _a9780439776974 | ||
| 050 | _bS897an 2008 | ||
| 100 | _aStrasser, Todd | ||
| 245 | _aIs that an angry penguin in your gym bag? / | ||
| 245 | _cby Todd Strasser. | ||
| 260 | _aNew York : | ||
| 260 | _bScholastic, | ||
| 260 | _c2008 | ||
| 300 | _a196 pages : | ||
| 300 | _billustrations ; | ||
| 300 | _c19cm. | ||
| 500 | _a800 | ||
| 999 |
_c344183 _d344183 |
||